Science Quiz

Random Science or Astronomy Quiz

Which Science Thing? Quiz Stats

 Plays Quiz Updated Oct 17, 2018

Score 0/18 Timer 04:00
2 Plays Today
Question Answer Wrong Answers
Which substance could be used to neutralize an acid? Baking Soda
87.8%
Lemonade
4.6%
Wine
2.3%
Soft Drink
1.8%
Which animal is a bear? Sloth Bear
83.4%
Red Panda
5.6%
Sloth
1%
Koala
8.6%
Which formula could be used to calculate the speed of a moving car? Velocity Formula
81.3%
Acceleration Formula
6.5%
Quadratic Equation
1.1%
Mass–energy equivalence
7.1%
Which triangle is equilateral? Equilateral
77.5%
Scalene
0.6%
Right
1.4%
Isosceles
16.7%
Which is a reflex angle? Reflex
76.7%
Acute
9.2%
Right
1.5%
Obtuse
11.7%
Which is not a practical use of a Noble Gas? Guitars
72.8%
Blimps
5.4%
Signs
6.6%
Anesthetic
12.5%
Which part of the body would you find the stapes? Ears
72.4%
Brain
8.2%
Eyes
7.2%
Feet
11%
Which graph represents sin(x)? sin(x)
63%
x^2
14.4%
x^2-2
11.3%
Square Root(x)
6%
Which container is designed for boiling liquids? Boiling Flask
56.3%
Erlenmeyer Flask
22.6%
Beaker
12.4%
Test Tube
3.9%
Which diagram represents a helium atom? Helium
56.3%
Hydrogen
28.9%
Lithium
8.6%
Beryllium
4.9%
Which celestial body is the smallest? Mars
55.5%
Sun
10.6%
Earth
13.7%
Neptune
16.5%
Which object's precursor was not invented by Thomas Edison? Telescope
52.7%
Lightbulb
10%
Record Player
15.7%
Motion Picture Camera
15.9%
Which scientist formulated the periodic table? Mendeleev
51.1%
Galileo
16%
Bohr
12.1%
Da Vinci
17.5%
Which chemical formula represents propane? Propane
43.6%
Butane
19.9%
Methanol
15%
Benzene
19%
Which object is located between the Sun and the Asteroid Belt? Venus
43.6%
Pluto
15.8%
Uranus
16%
Jupiter
20.1%
Which snake is not venomous? King Snake
41.8%
Coral Snake
17.9%
Black Mamba
29.4%
Rattlesnake
7.5%
Which lobe of the brain is the main visual processing centre? Occipital
37.8%
Frontal
35.1%
Temporal
10.4%
Parietal
13.7%
Which feline is not in the genus Panthera? Cheetah
21.8%
Lion
58.3%
Tiger
10.3%
Jaguar
7.8%

You're not logged in!

Compare scores with friends on all Sporcle quizzes.
OR
Log In

Sporcle TV

Today on Sporcle TV


Watch our educational content, quiz creation guides, and fun videos on Sporcle TV.

Show Comments

Extras

Top Quizzes Today


Score Distribution

Your Account Isn't Verified!

In order to create a playlist on Sporcle, you need to verify the email address you used during registration. Go to your Sporcle Settings to finish the process.

Report this User

Report this user for behavior that violates our Community Guidelines.

Details: